Laces and lace articles, report under general provisions of Sec. 332, Part 2, Title 3, of Tariff Act of 1930, covering paragraph 920 : Nottingham lace­-curtain machine products, and paragraph 1529 (a), laces, lace fabrics, lace articles, and other related articles.

Bibliographic Details
Corporate Author: United States Tariff Commission
Format: Government Document eBook
Language:English
Published: [Washington] : [s.n.], 1934.
Subjects:
Online Access:Electronic resource (PDF)

MARC

Tag First Indicator Second Indicator Subfields
LEADER 00000cam a22000001i 4500
001 in00003974613
006 m d f
007 cr bn mmmapmmp
008 341025s1934 dcu o f000 0 eng d
005 20250210233937.2
035 |a ebd19331136215 
040 |a UMI  |c UMI  |e rda  |d UtOrBLW 
086 0 |a TC 1.9:83 
099 |a TC1.9..83 
110 2 |a United States Tariff Commission.  |0 http://id.loc.gov/authorities/names/n79036923 
245 1 0 |a Laces and lace articles, report under general provisions of Sec. 332, Part 2, Title 3, of Tariff Act of 1930, covering paragraph 920 :  |b Nottingham lace­-curtain machine products, and paragraph 1529 (a), laces, lace fabrics, lace articles, and other related articles. 
264 1 |a [Washington] :  |b [s.n.],  |c 1934. 
300 |a 1 online resource (387 pages), digital, PDF file 
336 |a text  |b txt  |2 rdacontent 
337 |a computer  |b c  |2 rdamedia 
338 |a online resource  |b cr  |2 rdacarrier 
500 |a Includes tables and illustrations. 
533 |a Electronic reproduction.  |b [Bethesda, Md.] :  |c ProQuest,  |d 2017  |e digital, PDF file.  |n ProQuest U.S. Executive Branch Documents  |n Mode of access: World Wide Web via ProQuest website. 
588 |a Record is based on online resource; title from PDF title page (ProQuest, last viewed Feb. 2017). Reuse except for individual research requires license from ProQuest, LLC. 
650 0 |a International trade.  |0 http://id.loc.gov/authorities/subjects/sh87004890 
650 0 |a Tariff.  |0 http://id.loc.gov/authorities/subjects/sh85132493 
650 0 |a Prices.  |0 http://id.loc.gov/authorities/subjects/sh85106622 
651 0 |a Great Britain.  |0 http://id.loc.gov/authorities/subjects/sh85056605 
856 4 0 |u http://proxy.library.tamu.edu/login?url=http://congressional.proquest.com/congressional/docview/t66.d71.tc1.9..83?  |y Electronic resource (PDF)  |t 0 
999 f f |s e8499eec-35d1-366f-8870-3fce377a0b32  |i 6d16d771-460d-3426-8a9f-5c08cd4137cb  |t 0 
952 f f |a Texas A&M University  |b College Station  |c Electronic Resources  |d Available Online  |t 0  |h No information provided 
998 f f |t 0  |l Available Online